Adaptaciones curriculares : (Record no. 83628)

MARC details
000 -CABECERA
campo de control de longitud fija 00897nam a2200253 a 4500
005 - FECHA Y HORA DE LA ÚLTIMA TRANSACCIÓN
campo de control 20250221063746.0
008 - ELEMENTOS DE LONGITUD FIJA--INFORMACIÓN GENERAL
campo de control de longitud fija 010716s1998 es r 000 0 spa d
020 ## - NÚMERO INTERNACIONAL NORMALIZADO PARA LIBROS
Número Internacional Estándar del Libro 8478691464
035 ## - NÚMERO DE CONTROL DEL SISTEMA
Número de control de sistema UPN01000109718
049 ## - COLECCIÓN
Colección CG
050 #4 - SIGNATURA TOPOGRÁFICA DE LA BIBLIOTECA DEL CONGRESO
Número de clasificación LB2806.15
Número de documento/Ítem G3.2 1998
100 1# - ASIENTO PRINCIPAL--NOMBRE PERSONAL
Nombre de persona Garrido Landívar, Jesús
9 (RLIN) 31463
245 10 - MENCIÓN DE TÍTULO
Título Adaptaciones curriculares :
Resto del título guía para los profesores tutores de educación primaria y de educación especial /
Mención de responsabilidad, etc. Jesús Garrido Landívar ; colab. Rafael Santana Hernández.
250 ## - MENCIÓN DE EDICIÓN
Mención de edición 4a ed.
260 ## - PUBLICACIÓN, DISTRIBUCIÓN, ETC.
Lugar de publicación, distribución, etc. Madrid :
Nombre del editor, distribuidor, etc. CEPE,
Fecha de publicación, distribución, etc. 1998.
300 ## - DESCRIPCIÓN FÍSICA
Extensión 287 p.
440 #0 - MENCIÓN DE SERIE/ASIENTO SECUNDARIO--TÍTULO
Título Educación especial y dificultades de aprendizaje ;
Designación de volumen o secuencia 32
650 #2 - ASIENTO SECUNDARIO DE MATERIA - TERMINO TEMATICO
Término de materia o nombre geográfico como elemento de entrada Planificación curricular
9 (RLIN) 5734
650 #2 - ASIENTO SECUNDARIO DE MATERIA - TERMINO TEMATICO
Término de materia o nombre geográfico como elemento de entrada Desarrollo curricular
9 (RLIN) 405
650 #4 - ASIENTO SECUNDARIO DE MATERIA - TERMINO TEMATICO
Término de materia o nombre geográfico como elemento de entrada Educación especial
9 (RLIN) 3029
650 #4 - ASIENTO SECUNDARIO DE MATERIA - TERMINO TEMATICO
Término de materia o nombre geográfico como elemento de entrada Integración escolar
9 (RLIN) 306
700 1# - ASIENTO SECUNDARIO--NOMBRE DE PERSONAL
Nombre de persona Santana Hernández, Rafael,
Término indicativo de función/relación colab.
905 ## - TIPO DE MATERIAL
Tipo de material Libro
Holdings
Estado de retiro Estado de pérdida Fuente del sistema de clasificación o colocación Estado dañado No para préstamo Código de colección Localización permanente Ubicación/localización actual Ubicación en estantería Total de préstamos Clasificación Código de barras Fecha visto por última vez Fecha del último préstamo Número de copia Tipo de ítem Koha Fecha de adquisición Renovaciones totales
    Library of Congress Classification     Colección General Bib. Gregorio Torres Quintero Bib. Gregorio Torres Quintero Planta baja 55 LB2806.15 G3.2 1998 207370 19/05/2025 12/05/2025 1 Libro    
    Library of Congress Classification     Colección General Bib. Gregorio Torres Quintero Bib. Gregorio Torres Quintero Planta baja 45 LB2806.15 G3.2 1998 207369 01/09/2025 18/08/2025 1 Libro    
    Library of Congress Classification     Colección General Bib. Gregorio Torres Quintero Bib. Gregorio Torres Quintero Planta baja 42 LB2806.15 G3.2 1998 207371 16/05/2024 16/04/2024 1 Libro 16/04/2024 1
    Library of Congress Classification     Colección General Bib. Gregorio Torres Quintero Bib. Gregorio Torres Quintero Planta baja 54 LB2806.15 G3.2 1998 174929 24/10/2023 13/10/2023 1 Libro 20/02/2023  
    Library of Congress Classification     Colección General Bib. Gregorio Torres Quintero Bib. Gregorio Torres Quintero Planta baja 15 LB2806.15 G3.2 1998 196203 31/12/2020   1 Libro 12/09/2023  
    Library of Congress Classification     Colección General Bib. Gregorio Torres Quintero Bib. Gregorio Torres Quintero Planta baja 35 LB2806.15 G3.2 1998 206877 31/12/2020   1 Libro